| 000 | 01247cab a2200217 4500 | ||
|---|---|---|---|
| 001 | ABS57761 | ||
| 008 | 090401t1997 xxu||||| |||| 00| 0 eng d | ||
| 035 | _a(Sirsi) u81594 | ||
| 041 | _aeng | ||
| 245 | 4 | _aThe Mayor and Burgesses of the London Borough of Hounslow v Minchinton | |
| 260 | _c1997 | ||
| 350 | _a0 | ||
| 490 |
_aProperty, planning & compensation reports _v[1997] 74 P&CR 221-234(14) |
||
| 520 | _aCA 19 March 1997. Dispute over possession of strip of land at the bottom of the appellant`s garden. Appellant believed she had acquired title by adverse possession and had proceeded to build a summerhouse partly on that land. The Judge found that the garden had been enclosed throughout the ownership of the appellant and her predecessor in title, but held that she had failed to establish title to any part of the strip. The CA allowed her appeal, saying it was sufficient for a claim to title by adverse possession that she or her predecessors had been in adverse possession of the land for 12 years, whereupon the title of the true owner would be extinguished. | ||
| 650 | _aADVERSE POSSESSION | ||
| 650 | _aPOSSESSION OF SITE | ||
| 650 | _aSTRIP OF LAND | ||
| 690 | _aLAND-CASE LAW | ||
| 942 | _n0 | ||
| 948 | _c22/10/1997 | ||
| 999 |
_c51421 _d51421 |
||